"Đền ơn đáp nghĩa' truyền thống đạo lý nghĩa tình của dân tộc /

Gorde:
Xehetasun bibliografikoak
Egile nagusia: Hoàng Thúy.
Formatua: Artikulua
Hizkuntza:Vietnamese
Gaiak:
Etiketak: Etiketa erantsi
Etiketarik gabe, Izan zaitez lehena erregistro honi etiketa jartzen!
Thư viện lưu trữ: Thư viện Trường Đại học Đà Lạt
LEADER 00783nam a2200265 4500
001 DLU140162005
005 ##20140606
040 # # |a DLU  |b vie 
041 # # |a vie 
044 # # |a vn 
100 # # |a Hoàng Thúy. 
245 # # |a "Đền ơn đáp nghĩa' truyền thống đạo lý nghĩa tình của dân tộc /  |c Hoàng Thúy. 
653 # # |a Đạo lí 
653 # # |a Đền ơn đáp nghĩa 
653 # # |a Truyền thống dân tộc 
773 # # |t Văn hóa các dân tộc  |g Số 7(233), 2013, tr. 1-2 
920 # # |a Phòng Tạp chí -- Trung tâm Thông tin - Thư viện Trường Đại học Đà Lạt 
994 # # |a DLU 
900 # # |a True 
911 # # |a Nguyễn Huyền Anh 
925 # # |a G 
926 # # |a A 
927 # # |a BB 
980 # # |a Thư viện Trường Đại học Đà Lạt